[Event "Challenge"]
[Site "http://www.queenalice.com/game.php?id=534774"]
[Date "2009.2.4"]
[Round "-"]
[White "buggle"]
[Black "samuelrmgs"]
[Result "1-0"]
[WhiteElo "1500"]
[BlackElo "1426"]

1. e4 e5 2. Nf3 Bc5 3. d4 Bb4+ 4. c3 Bd6 5. dxe5 Bxe5 6. Nxe5 Qe7 7. Nf3 Nf6 8.
Bd3 d6 9. Bg5 Bg4 10. h3 Be6 11. O-O Bd7 12. Re1 Bc6 13. e5 dxe5 14. Rxe5 Ba4
15. Qxa4+ Nbd7 16. Rxe7+ Kxe7 17. Qe4+ Kd8 18. Qxb7 Rb8 19. Bxf6+ Ke8 20. Qxc7
Rc8 21. Qxc8# 1-0

[Event "Let's Play Chess!"]
[Site "http://www.queenalice.com/game.php?id=536206"]
[Date "2009.2.6"]
[Round "-"]
[White "buggle"]
[Black "Attia"]
[Result "1-0"]
[WhiteElo "1855"]
[BlackElo "1593"]

1. e4 e5 2. Nf3 Nc6 3. d4 Qe7 4. d5 Nb4 5. a3 Na6 6. Bxa6 bxa6 7. Nc3 d6 8. O-O
Nf6 9. Bg5 h6 10. Be3 Ng4 11. Re1 Nxe3 12. Rxe3 Bg4 13. h3 Bh5 14. Qe2 Qf6 15.
Qxa6 Be7 16. Qc6+ Kf8 17. Qxa8+ 1-0

[Event "Let's Play Chess!"]
[Site "http://www.queenalice.com/game.php?id=536237"]
[Date "2009.2.6"]
[Round "-"]
[White "buggle"]
[Black "Matrim"]
[Result "0-1"]
[WhiteElo "2080"]
[BlackElo "1939"]

1. e4 e5 2. Nf3 d6 3. d4 f6 4. dxe5 fxe5 5. Nc3 h6 6. Be2 g5 7. h3 c6 8. O-O b5
9. a3 a5 10. Be3 g4 11. hxg4 Bxg4 12. Nh2 Bxe2 13. Qxe2 h5 14. f4 Nd7 15. Qf2
Bh6 16. fxe5 Nxe5 17. Bxh6 Nxh6 18. Rad1 Qe7 19. Qb6 Qa7 20. Qxa7 Rxa7 21. Rxd6
Rd7 22. Rxd7 Kxd7 23. Nf3 Nc4 24. Rb1 Ng4 25. Rd1+ Kc7 26. Rb1 h4 27. a4 b4 28.
Ne2 h3 29. Nh2 hxg2 30. Nxg4 Rh1+ 31. Kxg2 Rxb1 32. e5 Rxb2 33. e6 Rxc2 0-1

[Event "Challenge"]
[Site "http://www.queenalice.com/game.php?id=537335"]
[Date "2009.2.9"]
[Round "-"]
[White "JCOELHO"]
[Black "buggle"]
[Result "0-1"]
[WhiteElo "1893"]
[BlackElo "2024"]

1. e4 e6 2. Nc3 d5 3. d4 c5 4. Nf3 Nc6 5. Bb5 Bd7 6. O-O Qb6 7. a4 a6 8. exd5
exd5 9. Nxd5 Qd8 10. Bc4 Nf6 11. Ng5 Be6 12. Re1 cxd4 13. Nxe6 fxe6 14. Nf4 e5
15. Ne6 Qb6 16. a5 Qb4 17. Nc7+ Kd8 18. Nxa8 Qxc4 19. b3 Qb5 20. c4 Qc5 21. Bg5
Be7 22. Nb6 Nxa5 23. Na4 Qb4 24. Rxe5 Qd6 25. Rxa5 h6 26. Bxf6 Qxf6 27. c5 Qe5
28. Nc3 Bxc5 29. Ne2 Kc7 30. b4 b6 31. Rxa6 Bxb4 32. Qc1+ Bc5 33. Ra7+ Kc6 34.
Qc2 Rd8 35. g3 d3 36. Qa4+ Kd5 37. Qa2+ Kd6 38. Qd2 Qf5 39. Qf4+ Qe5 40. Qd2 Kc6
41. Nf4 Qg5 42. h4 Qf5 43. R1a6 g5 44. hxg5 hxg5 45. Ra8 Rxa8 46. Rxa8 gxf4 47.
Qxf4 Qxf4 48. gxf4 d2 49. Rd8 Bb4 50. f5 Bd6 51. f6 d1=Q+ 52. Kg2 Qd5+ 53. f3
Qg5+ 54. Kf2 Qxf6 55. Ra8 Bc5+ 56. Ke2 Qe5+ 57. Kd3 Qd4+ 58. Kc2 Kb5 59. Kb3
Qd5+ 60. Kc2 Qxa8 61. f4 Qf3 62. f5 Kc4 63. f6 Qf2+ 64. Kd1 Be3 65. f7 Qd2# 0-1

[Event "Challenge"]
[Site "http://www.queenalice.com/game.php?id=537336"]
[Date "2009.2.9"]
[Round "-"]
[White "buggle"]
[Black "JCOELHO"]
[Result "1-0"]
[WhiteElo "2016"]
[BlackElo "1838"]

1. e4 d5 2. exd5 Qxd5 3. d4 Nc6 4. Nc3 Qa5 5. Nf3 Bg4 6. Be2 O-O-O 7. Bd2 f5 8.
Ne4 Qb6 9. Nc3 Nf6 10. Be3 Qxb2 11. Na4 Qb4+ 12. c3 Qa5 13. Rb1 Ne4 14. Rb5 Qa6
15. Rc5 Nxc5 16. Bxa6 Nxa6 17. h3 Bh5 18. Nc5 e5 19. Qb1 b6 20. Qxf5+ Kb8 21.
Nxa6+ Kb7 22. Qxh5 Kxa6 23. Nxe5 g6 24. Qe2+ b5 25. Nxc6 Re8 26. O-O h5 27. Qb2
h4 28. d5 Bg7 29. Qa3+ Kb7 30. Qxa7+ Kc8 31. Bf4 Be5 32. Nxe5 Rh7 33. Qa8# 1-0

[Event "Challenge"]
[Site "http://www.queenalice.com/game.php?id=537340"]
[Date "2009.2.9"]
[Round "-"]
[White "theblackfox"]
[Black "buggle"]
[Result "0-1"]
[WhiteElo "1886"]
[BlackElo "2016"]

1. e4 e6 2. d4 d5 3. Nc3 Bb4 4. Bd2 c5 5. dxc5 Bxc5 6. Nf3 Qb6 7. Qe2 Ne7 8.
O-O-O Bxf2 9. Qb5+ Bd7 10. Qxb6 Bxb6 11. Bd3 Bc6 12. h4 h6 13. g4 Nd7 14. h5 Nf6
15. Ne5 dxe4 16. Nxc6 exd3 17. Nxe7 dxc2 18. Kxc2 Kxe7 19. Nb5 Rac8+ 20. Kb1
Nxg4 21. Bb4+ Bc5 22. Bxc5+ Rxc5 23. Nxa7 Nf2 24. Rhg1 Nxd1 25. Rxd1 Ra8 26. b4
Rxh5 27. Nb5 Rxb5 28. Rd4 Rd5 29. Rg4 Rd2 30. Rxg7 Raxa2 31. Kc1 Rh2 32. Kb1
Raf2 33. Rg1 Rfg2 34. Rd1 Ra2 35. Kc1 Ra1# 0-1

[Event "Challenge"]
[Site "http://www.queenalice.com/game.php?id=537341"]
[Date "2009.2.9"]
[Round "-"]
[White "buggle"]
[Black "theblackfox"]
[Result "1-0"]
[WhiteElo "2009"]
[BlackElo "1886"]

1. e4 d5 2. exd5 Qxd5 3. d4 Qe4+ 4. Be3 Nc6 5. Nc3 Qh4 6. Nf3 Qh5 7. Be2 Nf6 8.
Ne5 Qh4 9. g3 Qh3 10. Bf3 Nb4 11. a3 Na6 12. Ne2 g6 13. Nf4 Qf5 14. g4 Nxg4 15.
Bxg4 Qe4 16. Bf3 Qf5 17. Be2 Bg7 18. Bxa6 Qe4 19. Bxb7 Bxb7 20. Rg1 Bxe5 21.
dxe5 Qxe5 22. Ne2 Qxh2 23. Qd4 O-O 24. O-O-O Rad8 25. Qc3 Bf3 26. Rge1 Rxd1+ 27.
Kxd1 Rd8+ 28. Kc1 h5 29. Bh6 f6 30. Be3 h4 31. Qc4+ Bd5 32. Qd4 c6 33. c4 e5 34.
Qd2 h3 35. cxd5 Qg2 36. Rg1 Qe4 37. Nc3 Qf3 38. Rxg6+ Kf7 39. Rg3 Qh1+ 40. Qd1
Qh2 41. Qh5+ Ke7 42. Bc5+ Kd7 43. Qf5+ Ke8 44. Qe6# 1-0

[Event "Challenge"]
[Site "http://www.queenalice.com/game.php?id=537353"]
[Date "2009.2.9"]
[Round "-"]
[White "ZUMBI"]
[Black "buggle"]
[Result "0-1"]
[WhiteElo "1816"]
[BlackElo "2059"]

1. e4 e6 2. e5 d5 3. d4 c5 4. Nc3 Nc6 5. Nf3 Qb6 6. Nb5 Bd7 7. Be3 a6 8. dxc5
Qa5+ 9. Bd2 Nb4 10. Nc3 Bxc5 11. Ng5 h6 12. Nf3 Qb6 13. Be3 Bxe3 14. fxe3 Qxe3+
15. Qe2 Nxc2+ 16. Kd1 Qxe2+ 17. Bxe2 Nxa1 18. h4 Ne7 19. Kd2 Nf5 20. Rxa1 O-O
21. a4 Rac8 22. Bd3 Bc6 23. b4 d4 24. b5 Bxf3 25. gxf3 dxc3+ 26. Kc2 Ne3+ 27.
Kb3 Rfd8 28. Be4 c2 29. Bxc2 Nxc2 30. Rc1 Nd4+ 31. Kb2 Rxc1 32. Kxc1 Nxf3 33.
bxa6 bxa6 34. h5 Nxe5 35. a5 Rd3 36. Kc2 f5 37. Kc1 f4 38. Kc2 f3 39. Kc1 f2 40.
Kc2 f1=R 41. Kb2 Rf2+ 42. Kc1 Nc4 43. Kb1 Rd1# 0-1

[Event "Challenge"]
[Site "http://www.queenalice.com/game.php?id=537354"]
[Date "2009.2.9"]
[Round "-"]
[White "buggle"]
[Black "ZUMBI"]
[Result "0-1"]
[WhiteElo "2069"]
[BlackElo "1816"]

1. e4 Nf6 2. e5 Ne4 3. d4 d5 4. f3 Bf5 5. fxe4 Bxe4 6. Nc3 Nc6 7. Bb5 Bxg2 8.
Qg4 Bxh1 9. Bf4 g6 10. O-O-O a6 11. Ba4 b5 12. Bb3 b4 13. Nxd5 Bxd5 14. Bxd5
Qxd5 15. Ne2 h5 16. Qg3 e6 17. Bg5 a5 18. Nf4 Qe4 19. Bf6 Rh7 20. Re1 Qxd4 21.
Nd3 a4 22. Kb1 b3 23. axb3 axb3 24. cxb3 Nb4 25. Nxb4 Qxb4 26. Rd1 Be7 27. Qf3
Qa5 28. Qc6+ Kf8 29. Bxe7+ Kxe7 30. Rd7+ Kf8 31. Rxc7 Qe1+ 32. Kc2 Qe2+ 33. Kc3
Qxe5+ 34. Kd3 Qd5+ 35. Qxd5 exd5 36. Rd7 g5 37. Rxd5 g4 38. Ke4 Ra2 39. Rd2 h4
40. Kf4 g3 41. hxg3 h3 42. Rh2 Ra1 43. g4 Rf1+ 44. Kg3 Rg1+ 45. Kf3 Rg2 46. Rxg2
h2 47. Rxh2 Rxh2 0-1

[Event "Challenge"]
[Site "http://www.queenalice.com/game.php?id=540134"]
[Date "2009.2.14"]
[Round "-"]
[White "Josecarlos"]
[Black "buggle"]
[Result "0-1"]
[WhiteElo "1971"]
[BlackElo "2044"]

1. e4 e6 2. d4 d5 3. e5 c5 4. c3 Nc6 5. Bb5 Bd7 6. Nf3 Nxe5 7. Bxd7+ Nxd7 8. Qa4
cxd4 9. Qxd4 Ngf6 10. Bf4 Bc5 11. Qd3 Ne4 12. Be3 Qb6 13. Qe2 O-O 14. b4 Bxe3
15. fxe3 Rac8 16. Qd3 Qc7 17. O-O Nxc3 18. Ng5 g6 19. Nd2 Ne5 20. Qb5 Nxb5 0-1

[Event "Challenge"]
[Site "http://www.queenalice.com/game.php?id=540135"]
[Date "2009.2.14"]
[Round "-"]
[White "buggle"]
[Black "Josecarlos"]
[Result "0-1"]
[WhiteElo "2026"]
[BlackElo "1980"]

1. e4 e5 2. Nf3 Nf6 3. Nxe5 Qe7 4. d4 d6 5. Nf3 Nxe4 6. Be2 Bf5 7. Be3 d5 8. O-O
Qb4 9. Bc1 c5 10. c3 Qb6 11. Bd3 Bd6 12. Re1 O-O 13. Ng5 Bxh2+ 14. Kxh2 Nxf2 15.
Qf3 Nxd3 16. Qxf5 Qh6+ 17. Qh3 Qxh3+ 18. Nxh3 Nxe1 19. Na3 Nd7 20. Nf4 cxd4 21.
cxd4 Rac8 22. Bd2 Nc2 23. Rc1 Nxa3 24. Rxc8 Rxc8 25. bxa3 Rc2 26. Bb4 Nf6 0-1

[Event "Challenge"]
[Site "http://www.queenalice.com/game.php?id=542809"]
[Date "2009.2.19"]
[Round "-"]
[White "buggle"]
[Black "KLEOJ"]
[Result "0-1"]
[WhiteElo "2031"]
[BlackElo "2057"]

1. e4 d5 2. exd5 Nf6 3. c4 e6 4. Qe2 Be7 5. dxe6 Bxe6 6. d3 O-O 7. Nf3 Bb4+ 8.
Bd2 Bg4 9. Qd1 Re8+ 10. Be2 Bxf3 11. gxf3 Qxd3 12. Bxb4 Qxf3 13. Rg1 Nc6 14. Bc3
Ng4 0-1

[Event "Challenge"]
[Site "http://www.queenalice.com/game.php?id=548282"]
[Date "2009.2.28"]
[Round "-"]
[White "Bigfish"]
[Black "buggle"]
[Result "1-0"]
[WhiteElo "2074"]
[BlackElo "2038"]

1. Nf3 e6 2. c4 d5 3. b3 c5 4. g3 Nf6 5. Bg2 Nc6 6. Bb2 Be7 7. O-O O-O 8. e3 Re8
9. d3 d4 10. Na3 a6 11. Nc2 e5 12. exd4 exd4 13. b4 b6 14. Ne5 Nxe5 15. Bxa8 Bg4
16. f3 Bh3 17. Re1 Nfd7 18. Bd5 Bf6 19. Re2 Bf5 20. Ne1 Be6 21. Bxe6 Rxe6 22. f4
Nc6 23. Rxe6 fxe6 24. Qe2 e5 25. fxe5 Ndxe5 26. bxc5 bxc5 27. Nf3 Qe7 28. Rf1
Nb4 29. Nxe5 Qxe5 30. Qxe5 Bxe5 31. Rf3 Nxa2 32. Ba3 Bd6 33. Rf5 Nc3 34. Kg2 Nd1
35. Bc1 h6 36. Rd5 Bf8 37. Rd7 Nc3 38. Ra7 Na2 39. Bd2 Nb4 40. Bxb4 cxb4 41.
Rxa6 1-0

[Event "Challenge"]
[Site "http://www.queenalice.com/game.php?id=550462"]
[Date "2009.3.5"]
[Round "-"]
[White "buggle"]
[Black "MarcD"]
[Result "0-1"]
[WhiteElo "1991"]
[BlackElo "2057"]

1. e4 c5 2. d4 cxd4 3. Qxd4 Nc6 4. Qd1 d6 5. Nf3 Bd7 6. Nc3 Nf6 7. Be2 g6 8. Be3
Bg7 9. O-O O-O 10. Re1 a6 11. a3 b5 12. h3 Rc8 13. Rc1 Na5 14. Bd3 Nc4 15. Rb1
Nxb2 16. Rxb2 Rxc3 17. Bd2 Rc8 18. Rb3 Be6 19. Rb4 Qc7 20. Qb1 Nd7 21. Bf4 Nb6
22. Ng5 Bc4 23. Rc1 Bc3 24. Bxc4 Nxc4 25. Rb3 Bd2 26. Bxd2 Nxd2 0-1

[Event "Challenge"]
[Site "http://www.queenalice.com/game.php?id=550463"]
[Date "2009.3.5"]
[Round "-"]
[White "MarcD"]
[Black "buggle"]
[Result "1-0"]
[WhiteElo "2031"]
[BlackElo "2007"]

1. d4 e6 2. Nf3 d5 3. Bf4 c5 4. e3 Nc6 5. c3 Qb6 6. Qc1 cxd4 7. exd4 Nf6 8. Bd3
Be7 9. Nbd2 Bd7 10. O-O h6 11. h3 O-O 12. Re1 Rac8 13. a3 Rfe8 14. Rb1 Nh5 15.
Bh2 Nf6 16. Ne5 Rcd8 17. Ndf3 Na5 18. Qe3 Nb3 19. g4 Bb5 20. g5 hxg5 21. Nxg5
Nd7 22. Ngxf7 Nxe5 23. Nxe5 Bf6 24. Qe2 Na5 25. Bxb5 1-0

[Event "Challenge"]
[Site "http://www.queenalice.com/game.php?id=556640"]
[Date "2009.3.15"]
[Round "-"]
[White "buggle"]
[Black "KLEOJ"]
[Result "0-1"]
[WhiteElo "2020"]
[BlackElo "2120"]

1. e4 d5 2. exd5 Nf6 3. c4 e6 4. dxe6 Bxe6 5. Nc3 Nc6 6. Nf3 Bc5 7. Na4 Qe7 8.
d4 Bb4+ 9. Bd2 Bxc4+ 10. Be2 Bxd2+ 11. Qxd2 O-O-O 12. Rd1 Rhe8 13. Nc3 Ne4 14.
Qe3 Nxc3 15. Qxe7 Rxe7 16. bxc3 Rxe2+ 17. Kf1 Rc2+ 18. Kg1 Rxc3 19. h3 Be2 20.
Rd2 Bxf3 21. gxf3 Nxd4 22. Kg2 Nxf3 23. Rxd8+ Kxd8 24. Rd1+ Ke7 0-1

[Event "Challenge"]
[Site "http://www.queenalice.com/game.php?id=576295"]
[Date "2009.4.23"]
[Round "-"]
[White "cristovamvl"]
[Black "buggle"]
[Result "1-0"]
[WhiteElo "2079"]
[BlackElo "1978"]

1. e4 e6 2. d4 d5 3. Nc3 Bb4 4. e5 c5 5. a3 Bxc3+ 6. bxc3 Ne7 7. Qg4 Nf5 8. Nf3
Qc7 9. Bd3 cxd4 10. O-O dxc3 11. Bxf5 exf5 12. Qxg7 Rf8 13. Ng5 Nd7 14. Re1 Nc5
15. e6 Ne4 16. a4 Qe7 17. Ba3 1-0

[Event "Challenge"]
[Site "http://www.queenalice.com/game.php?id=588824"]
[Date "2009.5.15"]
[Round "-"]
[White "buggle"]
[Black "Gloria"]
[Result "0-1"]
[WhiteElo "1978"]
[BlackElo "1996"]

1. e4 d5 2. exd5 Nf6 3. d4 Nxd5 4. c4 Nb6 5. Nc3 Nc6 6. Nf3 Bg4 7. b3 Bxf3 8.
gxf3 Qxd4 9. Qxd4 Nxd4 10. Kd2 O-O-O 11. Bd3 Nxf3+ 12. Ke3 e6 13. Kxf3 Rxd3+ 14.
Ke2 Rxc3 15. Bd2 Rh3 16. Be3 Be7 17. Rhg1 Bf6 18. Bg5 Bxa1 19. Rxa1 Rxh2 20. Bf4
Rh3 21. Rg1 e5 22. Bxe5 Re8 23. f4 f6 24. Rxg7 fxe5 25. fxe5 Rxe5+ 0-1

[Event "Challenge"]
[Site "http://www.queenalice.com/game.php?id=599914"]
[Date "2009.6.7"]
[Round "-"]
[White "Carl_Flemming"]
[Black "buggle"]
[Result "1-0"]
[WhiteElo "1964"]
[BlackElo "1857"]

1. e4 e6 2. d4 d5 3. e5 c5 4. c3 Nc6 5. Nf3 Nge7 6. Bg5 Bd7 7. Bd3 Qb6 8. Qd2 h6
9. Be3 Nf5 10. Bxf5 exf5 11. O-O g5 12. dxc5 Bxc5 13. Bd4 Bxd4 14. cxd4 g4 15.
Nh4 Qxd4 16. Qxd4 Nxd4 17. Nc3 Be6 18. Rfd1 Nc6 19. Nb5 O-O 20. f4 gxf3 21. Nxf3
Rac8 22. Nd6 Rc7 23. Rac1 Rd8 24. a3 Rdd7 25. Nb5 Rc8 26. Nfd4 Re7 27. Nd6 Rcc7
28. N4xf5 Bxf5 29. Nxf5 Rxe5 30. Nxh6+ Kg7 31. Ng4 Rg5 32. h3 Re7 33. Rc5 Rd7
34. Ne3 Ne7 35. Kh2 b6 36. Rb5 f6 37. Ng4 Rd6 38. Ne3 1-0

[Event "Challenge"]
[Site "http://www.queenalice.com/game.php?id=600027"]
[Date "2009.6.7"]
[Round "-"]
[White "trolldetroy"]
[Black "buggle"]
[Result "1-0"]
[WhiteElo "2016"]
[BlackElo "1867"]

1. e4 e6 2. d4 d5 3. e5 c5 4. Bb5+ Nc6 5. Bxc6+ bxc6 6. Nf3 cxd4 7. Nxd4 Ba6 8.
Nc3 Qc7 9. Bd2 Qxe5+ 10. Be3 Ne7 11. Nf3 Qd6 12. Ne2 Nf5 13. O-O Nxe3 14. fxe3
Qc5 15. Qd2 Rb8 16. b3 Be7 17. a4 Bf6 18. Rab1 Bxe2 19. Qxe2 O-O 20. Kh1 Rbe8
21. b4 Qd6 22. c4 dxc4 23. Qxc4 Rb8 24. Rfd1 Qc7 25. Nd4 Bxd4 26. Rxd4 Rfd8 27.
g3 c5 28. Rxd8+ Rxd8 29. bxc5 h6 30. Rc1 Rd5 31. e4 Rd2 32. Rc2 Rxc2 33. Qxc2
Qc6 34. Kg1 Kf8 35. Qc4 Ke7 36. Kf2 f6 37. Ke3 Kd7 38. Kd4 1-0

[Event "Challenge"]
[Site "http://www.queenalice.com/game.php?id=600028"]
[Date "2009.6.7"]
[Round "-"]
[White "buggle"]
[Black "trolldetroy"]
[Result "0-1"]
[WhiteElo "1963"]
[BlackElo "2035"]

1. e4 e5 2. Nf3 Nc6 3. d4 exd4 4. Bc4 Qf6 5. O-O h6 6. c3 dxc3 7. Nxc3 d6 8. Re1
Ne5 9. Nd5 Nxf3+ 10. gxf3 Qd8 11. e5 Be6 12. exd6 Bxd6 13. b3 Qd7 14. f4 O-O-O
15. Be3 Kb8 16. Qd4 b6 17. Qxg7 Ne7 18. Nf6 Qc6 19. Bxe6 fxe6 20. Qf7 Nd5 21.
Qxe6 Nxf6 22. Qxf6 Rhg8+ 23. Kf1 Qg2+ 24. Ke2 Qg4+ 25. Kf1 Qh3+ 26. Ke2 Qh5+ 27.
Kd2 Be7+ 28. Qd4 Bb4+ 29. Kd3 Rxd4+ 0-1

[Event "AUTO-OPEN-1411"]
[Site "http://www.queenalice.com/game.php?id=601305"]
[Date "2009.6.10"]
[Round "2"]
[White "buggle"]
[Black "goleiro"]
[Result "0-1"]
[WhiteElo "1897"]
[BlackElo "1354"]

1. e4 e5 2. Nf3 Nc6 3. d4 d6 4. dxe5 Bg4 5. exd6 Bxd6 6. Be2 Nf6 7. Nc3 Be5 8.
Qxd8+ Rxd8 9. Nxe5 Nxe5 10. Bxg4 Nexg4 11. h3 Ne5 12. Bf4 Nfd7 13. Nd5 O-O 14.
Nxc7 Ng6 15. Bd6 Rc8 16. Bxf8 Ngxf8 17. Nd5 Rxc2 0-1

[Event "AUTO-OPEN-1411"]
[Site "http://www.queenalice.com/game.php?id=601306"]
[Date "2009.6.10"]
[Round "2"]
[White "goleiro"]
[Black "buggle"]
[Result "1-0"]
[WhiteElo "1324"]
[BlackElo "1927"]

1. e4 e6 2. d4 d5 3. e5 c5 4. Nf3 Nc6 5. Nc3 cxd4 6. Nb5 a6 7. Bg5 Be7 8. Nd6+
Kf8 9. Bxe7+ Qxe7 10. Nxd4 Nxe5 11. Nxc8 Rxc8 12. Be2 Qb4+ 13. c3 Qxb2 14. f4
Qxc3+ 15. Kf1 Ng6 16. g3 Nf6 17. Kg2 e5 18. fxe5 1-0

[Event "AUTO-OPEN-1411"]
[Site "http://www.queenalice.com/game.php?id=601307"]
[Date "2009.6.10"]
[Round "2"]
[White "buggle"]
[Black "fracci"]
[Result "0-1"]
[WhiteElo "1950"]
[BlackElo "2072"]

1. e4 e6 2. d4 d5 3. Nc3 Nf6 4. e5 Nfd7 5. f4 a6 6. Nf3 c5 7. Be3 Nc6 8. Be2 b5
9. a3 Be7 10. O-O Qb6 11. Kh1 cxd4 12. Nxd4 Nxd4 13. Bxd4 Bc5 14. Bxc5 Nxc5 15.
Qd4 Na4 16. Qxb6 Nxb6 17. Rad1 Bd7 18. b3 Rc8 19. Rf3 Bc6 20. Rg3 Bd7 21. Rd2
O-O 22. Bf3 Rxc3 0-1

[Event "AUTO-OPEN-1411"]
[Site "http://www.queenalice.com/game.php?id=601308"]
[Date "2009.6.10"]
[Round "2"]
[White "fracci"]
[Black "buggle"]
[Result "1-0"]
[WhiteElo "2042"]
[BlackElo "1939"]

1. d4 e6 2. e4 d5 3. e5 c5 4. Nf3 Nc6 5. dxc5 Bxc5 6. Bd3 Qc7 7. Qe2 Nd4 8. Nxd4
Bxd4 9. f4 Ne7 10. c3 Bb6 11. Be3 Nf5 12. Bxf5 exf5 13. O-O Bc5 14. Nd2 Qb6 15.
Bxc5 Qxc5+ 16. Qf2 Qc6 17. Nf3 O-O 18. Nd4 Qb6 19. Rad1 h6 20. g3 Bd7 21. h3
Rac8 22. Nf3 Qa5 23. a3 Bb5 24. Rxd5 Qa6 25. Rfd1 Bc6 26. Rd6 Qa5 27. Nd4 1-0